Gregorio Marañón : (Record no. 187266)

MARC details
000 -LEADER
campo de control de longitud fija 01170nam a2200253 i 4500
001 - NÚMERO DE CONTROL
campo de control 187266
003 - IDENTIFICADOR DE NÚMERO DE CONTROL
campo de control SpMaBN
005 - FECHA Y HORA DE LA ÚLTIMA TRANSACCIÓN
campo de control 20240208063121.0
008 - DATOS DE LONGITUD FIJA--INFORMACIÓN GENERAL
campo de control de longitud fija 170522s1972 sp |||| |dspa d
080 ## - NÚMERO DE LA CLASIFICACIÓN DECIMAL UNIVERSAL
Número de la Clasificación Decimal Universal 929:61 Marañón, Gregorio
100 1# - ENTRADA PRINCIPAL--NOMBRE DE PERSONA
Nombre de persona Botella Llusiá, José,
Fechas asociadas al nombre 1912-2002
9 (RLIN) 30758
245 10 - MENCIÓN DEL TÍTULO
Título Gregorio Marañón :
Resto del título el hombre, la vida, la obra /
Mención de responsabilidad, etc. José Botella Llusiá.
260 ## - PUBLICACIÓN, DISTRIBUCIÓN, ETC.
Lugar de publicación, distribución, etc. [Toledo] :
Nombre del editor, distribuidor, etc. Publicaciones del Centro Universitario, Universidad Complutense,
Fecha de publicación, distribución, etc. [1972]
300 ## - DESCRIPCIÓN FÍSICA
Extensión 70 p. ;
Dimensiones 20 cm.
490 1# - MENCIÓN DE SERIE
Mención de serie Toledo universitario ;
Designación de volumen o secuencia 1
594 ## - Nota al título y mención de responsabilidad
Nota al título y mención de responsabilidad En verso de port.: El original fue dado a conocer en una conferencia pronunciada por el autor en el Centro Universitario, dentro del ciclo "Personajes del siglo XX", el día 11 de febrero de 1971.
600 14 - PUNTO DE ACCESO ADICIONAL DE MATERIA--NOMBRE DE PERSONA
Nombre de persona Marañón, Gregorio,
Fechas asociadas al nombre 1887-1960-
Subdivisión general Biografías
9 (RLIN) 76312
600 14 - PUNTO DE ACCESO ADICIONAL DE MATERIA--NOMBRE DE PERSONA
Nombre de persona Marañón, Gregorio,
Fechas asociadas al nombre 1887-1960-
Subdivisión general Crítica e interpretación
9 (RLIN) 174358
710 2# - ENTRADA AGREGADA--NOMBRE DE ENTIDAD CORPORATIVA
Nombre de entidad corporativa o nombre de jurisdicción como elemento de entrada Universidad Complutense de Madrid.
Unidad subordinada Centro Universitario de Toledo.
9 (RLIN) 162578
830 1# - PUNTO DE ACCESO ADICIONAL DE SERIE-TÍTULO UNIFORME
Título uniforme Toledo universitario ;
Designación de volumen o secuencia 1
9 (RLIN) 185581
852 4# - LOCALIZACIÓN
Ubicación ES-MaACL
Número de control de estantería C-48014
852 4# - LOCALIZACIÓN
Ubicación ES-MaACL
Número de control de estantería L-31615
Holdings
Estatus retirado Estado de pérdida Estado de daño No para préstamo Biblioteca de origen Biblioteca actual Ubicación en estantería Fecha de adquisición Fuente de adquisición Total de préstamos Signatura topográfica completa Código de barras Visto por última vez Precio de reemplazo Tipo de ítem Koha
        Biblioteca del Ateneo de Madrid Biblioteca del Ateneo de Madrid Depósito 2 22/05/2017     L-31615 1197616 23/02/2023 23/02/2023 Libro impreso
        Biblioteca del Ateneo de Madrid Biblioteca del Ateneo de Madrid Depósito 2 02/04/2022     C-48014 1202890 23/02/2023 23/02/2023 Libro impreso